000
00246nam a2200097Ia 4500
008
170619s9999 xx 000 0 und d
100
_a
Pal- Rajendra
245
0
_a
Essentials of business communication
260
_b
New Delhi Sultan Chand
260
_c
2004
546
_a
ENGLISH
999
_c
21963
_d
21963